Química orgánica

সংরক্ষণ করুন:
গ্রন্থ-পঞ্জীর বিবরন
প্রধান লেখক: Pine, Stanley H (Author), Cram, Donald J (Author), Hammond, George Simms (Author), Hendrickson, James Briggs (Author)
বিন্যাস: গ্রন্থ
ভাষা:স্প্যানিশ
প্রকাশিত: Madrid McGraw-Hill 1982
সংস্করন:2a. ed
বিষয়গুলি:
ট্যাগগুলো: ট্যাগ যুক্ত করুন
কোনো ট্যাগ নেই, প্রথমজন হিসাবে ট্যাগ করুন!

MARC

LEADER 00000nam a2200000 a 4500
001 UCW2566
003 CL-VaPUC
008 881129e19820000SP |||||||||||||||||spa|d
082 0 4 |a 547  |b PIN  |2 21 
100 0 |a Pine, Stanley H  |e author  |9 306784 
700 0 |a Cram, Donald J  |e author  |9 306785 
700 0 |a Hammond, George Simms  |e author  |9 306786 
700 0 |a Hendrickson, James Briggs  |e author  |9 306787 
245 1 0 |a Química orgánica 
250 |a 2a. ed 
300 |a 1088 p 
942 |c BK 
945 |d 19881129 00:00:00 
260 |a Madrid  |b McGraw-Hill  |c 1982 
650 0 |a Química orgánica   |9 259426 
650 7 |a COMPUESTOS ORGANICOS  |2 CL-VaPUC  |9 306788 
650 0 |a Moléculas   |9 259584 
650 0 |a Enlaces químicos  |9 306789 
650 7 |a ESTEREOQUIMICA  |2 CL-VaPUC  |9 306790 
650 0 |a Espectroscopía  |9 306791 
650 7 |a SINTESIS ORGANICA  |2 CL-VaPUC  |9 306792 
650 7 |a CARBOHIDRATOS  |2 CL-VaPUC  |9 306793 
650 0 |a Aminoácidos   |9 259616 
650 0 |a Péptidos  |9 306794 
650 7 |a PROTEINAS  |2 CL-VaPUC  |9 306795 
650 7 |a FOTOQUIMICA  |2 CL-VaPUC  |9 306796 
650 0 |a Electroquímica  |9 263973 
583 |a last modification  |c 20130125 16:33:52  |k Rodrigo Vera 
999 |c 217092  |d 217090 
952 |0 0  |1 0  |4 0  |6 547_000000000000000_PIN_1982  |7 0  |8 A  |9 203598  |a BIBCUR  |b BIBCUR  |d 2019-11-15  |i 3199193  |o 547 PIN 1982  |p 3199193  |r 2025-04-22  |w 2019-11-15  |y BK  |k BCB 
952 |0 0  |1 0  |4 0  |6 547_000000000000000_PIN_1982  |7 0  |8 A  |9 203599  |a BIBCUR  |b BIBCUR  |d 2019-11-15  |i 1781316  |o 547 PIN 1982  |p 1781316  |r 2025-04-22  |w 2019-11-15  |y BK  |k BCB